1317 1844 1545 1985 1391 1368 1171 1559 1605 1168 1232 1787 1294 1347 1676 1894 1181 1938 1678 1651 1416 1557 1610 1373 1996 1914 1357 1680 1644 1828 1626 1312 1459 1533 1172 1206 1203 1176 1880 1027 1090 1103 1641 1097 1811 1604 1648 1244 1166 1243 1962 1928 1212 1978 1653 1968 1946 1190 1855 1871 1213 1102 1391 1968 1123 1898 1661 1248 1930 1966 1230 1325 1004 1761 1804 1525 1106 1879 1973 1055 1057 1180 1778 1592 1654 1289 1492 1059 1130 1355 1451 1951 1507 1054 1675 1575 1062 1450 1183 BCNSPRNW ULIB Ver.6.0+V

เปลี่ยนเป็นภาษาไทย

Change to English
 แสดงรายละเอียดบรรณานุกรม
  กลับหน้าหลัก

Brief Record : Get Marc (ISO 2709) : E-mail record : QR code < ปิดหน้าต่าง
LEADER : 00000nam 2200000uu 4500
001    13399123003
003     ULIB
008    131128s2555||||th 000 0 tha d
020    ^a9786162142413
090    ^aนว.^bพ656พ ล.2
100    ^aพนมเทียน
245    ^aเพชรพระอุมา : ไพรมหากาฬ ล.2 /^cพนมเทียน
250    พิมพืครั้งที่ 6
260    ^aกรุงเทพฯ :^bณ บ้านวรรณกรรม,^c2555
300    ^a408 หน้า
945    ^p225^l0^i034206
999    ^aเกษร โพธิ์สุวรรณ
รายการนี้ยังไม่มีแท็ก
คุณยังไม่ได้ล็อกอิน คุณสามารถมีกิจกรรมร่วมกับเว็บไซต์ได้ แต่ต้องล็อกอินก่อน ::
  ล็อกอิน

รายการสื่อสารสนเทศ

ลำดับที่ ประเภท เลขเรียก/บาร์โค้ด สถานที่ สถานะ
1. นวนิยาย
นวนิยาย
นว. พ656พ ล.2  
  Barcode: 034206
ห้องสมุดวิทยาเขตสวรรค์ประชารักษ์
►นวนิยาย
บนชั้น
  ขอยืม

รายการใกล้เคียง
    ผู้แต่ง [พนมเทียน]

BibComment


ยังไม่เคยถูกคอมเมนท์

คอมเมนท์ทรัพยากรรายการนี้
  คอมเมนท์: เพชรพระอุมา ไพร..


 Copyright 2026. Bcnsprnw @Library